History Quiz

Random History Quiz

Major events in history with every 5/6th Wikipedia word Quiz Stats

 Plays Quiz not verified by Sporcle

Score 0/11 Timer 03:00
0 Plays Today
Every 5th/6th Wikipedia word Event % Correct
which Neil Jr. July mission accomplishmentApollo 11
81.1%
RMS night in four voyage York linerSinking of Titanic
73%
be stories ancient history myth RemusFounding of Rome
73%
accident Plant SSR direct authorities fire contaminationChernobyl disaster
64%
range which occur date end-date calendar numerologicalEND OF THE WORLD
60.4%
War the II against NagasakiHiroshima and Nagasaki atomic bombing
38.7%
known commemorates Commonwealth date Allies surrender VE Day
33.3%
35th States p.m. UTC in fatally Connally Assassination of JFK
27%
referred Aggression a in one Israel United EgyptSuez Crisis
16.2%
was at War state the signed exactly assassination other GermanTreaty of Versailles
12.6%
of June series near the PRC in leadership economic MaoistTiananmen Square protests
12.6%

You're not logged in!

Compare scores with friends on all Sporcle quizzes.
OR
Log In

Show Comments

Extras

Created Feb 16, 2012ReportNominate
Tags:date, History Core

Top Quizzes Today


Score Distribution

Your Account Isn't Verified!

In order to create a playlist on Sporcle, you need to verify the email address you used during registration. Go to your Sporcle Settings to finish the process.

Report this User

Report this user for behavior that violates our Community Guidelines.

Details: